Rừng U Minh [ trọn bộ 2 tập ] Tiểu thuyết

Kể về cuộc đấu tranh của đồng bào vùng căn cứ cách mạng ( rừng U Minh ) trong những ngày đầu của cuộc đấu tranh giải phóng Miền Nam. Truyện được trích giảng trong chương trình văn học PTTH

Na minha lista:
Detalhes bibliográficos
Autor principal: Nguyễn Văn Bổng
Formato: Livro
Idioma:Undetermined
Publicado em: Hà Nội Văn học 1984
Assuntos:
Tags: Adicionar Tag
Sem tags, seja o primeiro a adicionar uma tag!
Thư viện lưu trữ: Trung tâm Học liệu Trường Đại học Cần Thơ
LEADER 00874nam a2200193Ia 4500
001 CTU_10385
008 210402s9999 xx 000 0 und d
082 |a 895.922333 
082 |b B455r/T1/1984 
100 |a Nguyễn Văn Bổng 
245 0 |a Rừng U Minh [ trọn bộ 2 tập ] 
245 0 |b Tiểu thuyết 
245 0 |c Nguyễn Văn Bổng 
260 |a Hà Nội 
260 |b Văn học 
260 |c 1984 
520 |a Kể về cuộc đấu tranh của đồng bào vùng căn cứ cách mạng ( rừng U Minh ) trong những ngày đầu của cuộc đấu tranh giải phóng Miền Nam. Truyện được trích giảng trong chương trình văn học PTTH 
650 |a vietnamese fiction - 1960 - 1975,war stories, vietnamese 
980 |a Trung tâm Học liệu Trường Đại học Cần Thơ